01039nam a2200265 ib4500003000400000005001700004008004100021020003700062040002500099082001500124100004400139245004800183246006600231264004500297264001100342300007100353336002100424337002500445338002300470500002800493520011100521650006300632650003300695650004500728OSt20200728114431.0200728t20182018nyua b 000 1 eng d a9780525577676cRM61.50qhardback aPPAKbengcPPAKerda04223a813.541 aBerenstain, Stan, d1923-2005,eauthor.10aBE YOUR BEST BEAR! /cStan & Jan Berenstain5 aBe your best bear! : blife lessons from the Berenstain Bears 1aNew York : bRandom House Books,c[2018] 4c©2018 a1 volume : bcolour illustrations (chiefly illustrations) ;c21 cm 2rdacontentatext 2rdamediaaunmediated 2rdacarrieravolume a"6 books in 1!"--Cover. aJoin the Berenstain Bears in this collection of six classic books all about how to be your very best self.10aBerenstain Bears (Fictitious characters)vJuvenile fiction20aChildren's stories, American20aBerenstain Bears (Fictitious characters)